| 000 | 00468cam a2200193ua 4500 | ||
|---|---|---|---|
| 001 | 2535 | ||
| 008 | 110912n ii |||gr||||Z||||||asm | ||
| 040 | _cMAIN | ||
| 082 | _a491.451 | ||
| 100 |
_aBaruah, Bhimkanta, _eAuthor. |
||
| 245 | 1 | 1 |
_aAsamar Bhasa _cby Bhimkanta Baruah |
| 250 | _a2nd. | ||
| 260 |
_aDibrugarh: _bStudents emporium,993. |
||
| 300 |
_a167p: _c23cm. |
||
| 653 | _aLanguage | ||
| 653 | _aAssamese language | ||
| 653 | _aAsamar Bhasa | ||
| 942 | _cBK | ||
| 999 |
_c2388 _d2388 |
||